Score 0/10 Timer 01:00
0 Plays Today
% Correct
1st Image
94.5%
Last Image
94.1%
9th Image
91.1%
7th Image
88.8%
8th Image
88.8%
2nd Image
69.5%
6th Image
64.8%
5th Image
57.1%
3rd Image
57%
4th Image
29.5%
Remove Ads.
Support Sporcle.
Get the best of Sporcle when you Go Orange. This ad-free experience offers more features, more stats, and more fun while also helping to support Sporcle. Thank you for becoming a member.

You're not logged in!

Compare scores with friends on all Sporcle quizzes.
OR
Log In

Show Comments

Extras

Top Quizzes Today


Score Distribution

Your Account Isn't Verified!

In order to create a playlist on Sporcle, you need to verify the email address you used during registration. Go to your Sporcle Settings to finish the process.

Report this User

Report this user for behavior that violates our Community Guidelines.

Details: